Ενέργεια φως : κύματα ή σωματίδια
Saved in:
| Corporate Author: | |
|---|---|
| Other Authors: | , |
| Format: | Book |
| Language: | Greek English |
| Published: |
Αθήνα :
Κουτσουμπός,
1986.
|
| Series: | Ανοικτό Πανεπιστήμιο (Κουτσουμπός)
|
| Subjects: | |
| Tags: |
Add Tag
No Tags, Be the first to tag this record!
|
MARC
| LEADER | 00000cam a2200000 i 4500 | ||
|---|---|---|---|
| 001 | 1/49721 | ||
| 008 | 941103s1986 gr | ||| |||| ||gre|| | ||
| 035 | |a 1988 |l 10043686 | ||
| 040 | |a GR-MyUA |b gre |e AACR2 | ||
| 041 | 1 | |a gre |h eng | |
| 082 | 7 | |a 531.6 |2 (22) | |
| 110 | 2 | |a Open University. | |
| 245 | 1 | 0 | |a Ενέργεια φως : |b κύματα ή σωματίδια / |c The Open University ; μετάφραση: Γιώργος Μπαρουξής ; επιμέλεια: Παναγιώτης Μήλιος. |
| 260 | |a Αθήνα : |b Κουτσουμπός, |c 1986. | ||
| 300 | |a 186 σ. ; |c 22 εκ. | ||
| 490 | 1 | |a (Ανοικτό Πανεπιστήμιο / Κουτσουμπός) | |
| 500 | |a Τίτλος πρωτοτύπου: Energy, light: waves or particles | ||
| 650 | 0 | 0 | |a Force and energy. |
| 650 | 0 | 0 | |a Force and energy |x Problems, exercises, etc. |
| 650 | 0 | 0 | |a Light. |
| 650 | 0 | 0 | |a Light |x Problems, exercises, etc. |
| 700 | 1 | |a Μπαρουξής, Γιώργος, |e trl | |
| 700 | 1 | |a Μήλιος, Παναγιώτης, |e edt | |
| 830 | 0 | |a Ανοικτό Πανεπιστήμιο (Κουτσουμπός) | |
| 852 | |a INST |b SAMOS |e 19941103 |h 531.6 OPE |p 005300000483 |q 005300000483 |t BK |y 0 | ||
| 909 | |a Σ |b 011445 | ||
| 970 | |z 03/11/1994 | ||